000 00567cam a2200193 4500500
005 20260329002220.0
041 _afre
042 _adc
100 1 0 _aBognon-Küss, Cécilia
_eauthor
245 0 0 _aMétaphysique des tubes (digestifs)
260 _c2011.
500 _a42
690 _aAntiquité
690 _aDiète
690 _aDigestion
690 _aEstomac
786 0 _nPhilosophie magazine | 50 | 6 | 2011-06-01 | p. 4-5 | 1951-1787
856 4 1 _uhttps://shs.cairn.info/magazine-philosophie-magazine-2011-6-page-4?lang=fr&redirect-ssocas=7080
999 _c1812819
_d1812819